Pohľad na vývoj ekonomiky SR v roku 2010

Vývoj základných fundamentov ekonomiky v SR v rokoch 2008-2010. Ekonomické oživenie v SR v roku 2010 a jeho pôvod najmä v oživení priemyselnej produkcie SR v globálnom kontexte. Stavebníctvo vo výraznom útlme aj počas roka 2010. Vývoj produkcie v priemysle a stavebníctve (2007-2010). Vývoj celkovej...

ver descrição completa

Na minha lista:
Detalhes bibliográficos
Autor principal: Sivák, Rudolf, 1955-
Formato: Capítulo de Livro
Idioma:eslovaco
Assuntos:
Tags: Adicionar Tag
Sem tags, seja o primeiro a adicionar uma tag!

MARC

LEADER 00000naa$a2200000$$$4500
001 0146355
005 20240502072636.3
041 0 |a slo 
044 |a SK 
245 1 0 |a Pohľad na vývoj ekonomiky SR v roku 2010  |c Rudolf Sivák 
520 |a Vývoj základných fundamentov ekonomiky v SR v rokoch 2008-2010. Ekonomické oživenie v SR v roku 2010 a jeho pôvod najmä v oživení priemyselnej produkcie SR v globálnom kontexte. Stavebníctvo vo výraznom útlme aj počas roka 2010. Vývoj produkcie v priemysle a stavebníctve (2007-2010). Vývoj celkovej zamestnanosti a miery nezamestnanosti v SR (2007-2010). Dlhodobý nízky podiel pracovnej sily na rozdelení celkového dôchodku národného hospodárstva. Vývoj hlavných ukazovateľov hospodárenia verejnej správy (2007-2010). 
610 2 0 |a situácia hospodárska 
610 2 0 |a ukazovatele ekonomické 
610 2 0 |a produkt domáci hrubý 
610 2 0 |a miera nezamestnanosti 
610 2 0 |a bilancia platobná 
610 2 0 |a inflácia 
610 2 0 |a priemysel 
610 2 0 |a správa verejná 
610 2 0 |a zadlženosť 
610 2 0 |a Slovensko 
100 1 |a Sivák, Rudolf, 1955-